000 00500nam a22001697a 4500
003 BD-ChCU
005 20260429100945.0
008 260429b bg ||||| |||| 00| 0 ben d
040 _cBD-ChCU
082 _a660.2 TOD
100 _aTongue , Harold .
_922054
245 _aThe design and construction of high pressure chemical plant ./
_cHarold , Tongue .
260 _aLondon :
_bChapman & Hall .
_cC 1959
300 _axii , 250p
650 0 _aChemical Engineering .
_922057
942 _2ddc
_cBK
_n0
999 _c112505
_d112505